<?xml version="1.0" encoding="UTF-8"?>
<record
    xmlns:xsi="http://www.w3.org/2001/XMLSchema-instance"
    xsi:schemaLocation="http://www.loc.gov/MARC21/slim http://www.loc.gov/standards/marcxml/schema/MARC21slim.xsd"
    xmlns="http://www.loc.gov/MARC21/slim">

  <leader>01668nam a2200361 i 4500</leader>
  <controlfield tag="001">197815</controlfield>
  <controlfield tag="003">ES-MaACL</controlfield>
  <controlfield tag="005">20251217170414.0</controlfield>
  <controlfield tag="007">ta</controlfield>
  <controlfield tag="008">250910s2025    sp a|||| |||| 001 0 spa d</controlfield>
  <datafield tag="017" ind1=" " ind2=" ">
    <subfield code="a">SE 1079-2025</subfield>
    <subfield code="b">Oficina Dep&#xF3;sito Legal Sevilla</subfield>
  </datafield>
  <datafield tag="020" ind1=" " ind2=" ">
    <subfield code="a">979-13-87552-68-8</subfield>
  </datafield>
  <datafield tag="040" ind1=" " ind2=" ">
    <subfield code="b">spa</subfield>
    <subfield code="c">ES-MaACL</subfield>
    <subfield code="a">ES-MaACL</subfield>
    <subfield code="e">rda</subfield>
  </datafield>
  <datafield tag="080" ind1=" " ind2=" ">
    <subfield code="a">929 Campoamor, Clara</subfield>
  </datafield>
  <datafield tag="080" ind1=" " ind2=" ">
    <subfield code="a">929-054.7(=1:460.13)"1936/75"(062.552)</subfield>
  </datafield>
  <datafield tag="245" ind1="0" ind2="0">
    <subfield code="a">Siempre a la espera : </subfield>
    <subfield code="b">Clara Campoamor y el exilio republicano en Suiza / </subfield>
    <subfield code="c">Juan Aguilera Sastre, Luis Espa&#xF1;ol Bouch&#xE9;, Rosa M&#xAA; Capel Mart&#xED;nez, Natacha Crocoll, Carme Eberenz-Greoles, S&#xE9;bastien Farr&#xE9;, Beatriz Ledesma Fdez. de Castillejo, Isabel Lizarraga Vizcarra, Cristina Rosario Mart&#xED;nez Torres, Maria Ojuel Solsona, Mari&#xE0;ngela Vilallonga; edici&#xF3;n de Cristina Rosario Mart&#xED;nez Torres</subfield>
  </datafield>
  <datafield tag="264" ind1=" " ind2="1">
    <subfield code="a">Valencina de la Concepci&#xF3;n, Sevilla : </subfield>
    <subfield code="b">Renacimiento,</subfield>
    <subfield code="c">D.L. 2025</subfield>
  </datafield>
  <datafield tag="264" ind1=" " ind2="4">
    <subfield code="a">&#xA9;2025</subfield>
  </datafield>
  <datafield tag="300" ind1=" " ind2=" ">
    <subfield code="a">323 p&#xE1;ginas : </subfield>
    <subfield code="b">ilustraciones ;  </subfield>
    <subfield code="c">21 cm.</subfield>
  </datafield>
  <datafield tag="336" ind1=" " ind2=" ">
    <subfield code="2">rdacontent</subfield>
    <subfield code="a">Texto</subfield>
  </datafield>
  <datafield tag="337" ind1=" " ind2=" ">
    <subfield code="2">rdamedia</subfield>
    <subfield code="a">sin mediaci&#xF3;n</subfield>
  </datafield>
  <datafield tag="338" ind1=" " ind2=" ">
    <subfield code="2">rdacarrier</subfield>
    <subfield code="a">volumen</subfield>
  </datafield>
  <datafield tag="490" ind1="0" ind2=" ">
    <subfield code="a">Iluminaciones ; </subfield>
    <subfield code="v">183. </subfield>
    <subfield code="p">Filolog&#xED;a, cr&#xED;tica y ensayo.</subfield>
  </datafield>
  <datafield tag="504" ind1=" " ind2=" ">
    <subfield code="a">Bibliograf&#xED;a: p&#xE1;ginas 322-323. &#xCD;ndice</subfield>
  </datafield>
  <datafield tag="600" ind1="1" ind2="4">
    <subfield code="9">34230</subfield>
    <subfield code="a">Campoamor, Clara,</subfield>
    <subfield code="d">1888-1972</subfield>
  </datafield>
  <datafield tag="650" ind1=" " ind2="4">
    <subfield code="9">175748</subfield>
    <subfield code="a">Exilio-</subfield>
    <subfield code="x">Historia.</subfield>
    <subfield code="z">Espa&#xF1;a-</subfield>
  </datafield>
  <datafield tag="700" ind1="1" ind2=" ">
    <subfield code="9">242237</subfield>
    <subfield code="a">Mart&#xED;nez Torres, Cristina Rosario</subfield>
    <subfield code="e">pbl</subfield>
  </datafield>
  <datafield tag="852" ind1=" " ind2=" ">
    <subfield code="a">ES-MaACL</subfield>
    <subfield code="c">DEPO1</subfield>
    <subfield code="j">A-15875</subfield>
    <subfield code="x">Encuadernaci&#xF3;n r&#xFA;stica con solapas</subfield>
    <subfield code="9">206786</subfield>
  </datafield>
  <datafield tag="942" ind1=" " ind2=" ">
    <subfield code="c">MONOGRAFIA</subfield>
    <subfield code="n">0</subfield>
  </datafield>
  <datafield tag="999" ind1=" " ind2=" ">
    <subfield code="c">197815</subfield>
    <subfield code="d">197815</subfield>
  </datafield>
  <datafield tag="952" ind1=" " ind2=" ">
    <subfield code="0">0</subfield>
    <subfield code="1">0</subfield>
    <subfield code="2">udc</subfield>
    <subfield code="4">0</subfield>
    <subfield code="7">0</subfield>
    <subfield code="a">ATENEOM</subfield>
    <subfield code="b">ATENEOM</subfield>
    <subfield code="c">DEPO1</subfield>
    <subfield code="d">2025-09-08</subfield>
    <subfield code="e">DONACION</subfield>
    <subfield code="l">0</subfield>
    <subfield code="o">A-15875</subfield>
    <subfield code="r">2025-09-10 00:00:00</subfield>
    <subfield code="w">2025-09-10</subfield>
    <subfield code="y">MONOGRAFIA</subfield>
  </datafield>
</record>
